000 01025namaa22003491i 4500
003 EG-GICUC
005 20260117115850.0
008 260117s1993 nyu||||gr|||| 000 1 eng d
020 _a0385425139
020 _a9780385425131
040 _aEG-GiCUC
_beng
_cEG-GiCUC
_dEG-GiCUC
_erda
043 _af------
_af-nr---
082 0 4 _221
_a823
_bO418f
092 0 4 _221
_a823
_bO418f
099 _a823 O418f
100 1 _aOkri, Ben
_eAuthor.
245 1 4 _aThe famished road /
_cBen Okri.
250 _a1st Anchor Books ed.
264 _aNew York :
_bAnchor Books,
_c1993.
300 _a500 pages ;
_c24 cm.
336 _2rdacontent
_atext
337 _2rdamedia
_aUnmediated
338 _2rdacarrier
_avolume
500 _aSequel : Songs of enchantment.
504 _a.
541 _aDr. Jabir Usfour ;
_bCairo ;
_cGift ;
_d2024.
650 1 _aMagic
_xFiction.
_2qrmak
651 1 _2qrmak
_aAfrica
_xSocial life and customs
_xFiction.
651 1 _aNigeria
_xFiction.
905 _aAsmaa
942 _2ddc
_cBK
_e21
_n0
999 _c177755
_d177755